000 00639nam a2200217 4500
003 OSt
005 20260421025256.0
006 a
008 240723b |||||||| |||| 00| 0 eng d
020 _a9789810698683
040 _aDWCL-Main lib.
_cOC
082 _aCirc. 500 C744 2008
245 _aThe concepts of integrated science /
260 _aSingapore:
_bPearson Education South Asia Pte Ltd.,
_cc2008.
300 _axxvi
_b(various paging) : ill. ;
_c24 cm.
504 _aIncludes index.
650 _a1. Science - Philosophy.
650 _a2. Science - History.
700 _aPaul G. Hewitt
942 _2ddc
_n0
_cBK-CIRC
_kCirc.
999 _c2567
_d2567